| 000 | 00863nam a22002897a 4500 | ||
|---|---|---|---|
| 001 | 8228 | ||
| 003 | FISKH | ||
| 005 | 20250904100849.0 | ||
| 008 | 250904b cb ||||| |||| 00| 0 eng d | ||
| 020 | _a9780545115063 | ||
| 040 |
_aFISKH _beng _cFISKH _dFISKH |
||
| 050 | _aPZ7.M82824 P | ||
| 082 | _a487 | ||
| 100 | _aMorris, Jennifer E. | ||
| 245 |
_aPlease write back ! / _cby Jennifer E.Morris |
||
| 250 | _aFirst printing, April 2010 | ||
| 260 |
_aNew York : _bScholastic , _c2010. |
||
| 300 |
_a32 unnumbered pages : _bcolor illustrations ; _c23 cm . |
||
| 505 | _aF | ||
| 520 | _aAlfie writes a letter to his grandmother and eagerly awaits her reply. | ||
| 521 | 8 |
_a300
_bLexile estimate |
|
| 521 | 8 |
_aF
_bRaz-Plus |
|
| 650 |
_aLetters _vFiction |
||
| 650 |
_aGrandmothers _vFiction |
||
| 942 |
_2ddc _cBK _n0 |
||
| 999 |
_c8228 _d8228 |
||